| 000 | 01885nam0a22003011 4500 | ||
|---|---|---|---|
| 001 | v19\rc\1681984 | ||
| 005 | 20260406065808.0 | ||
| 035 | _a(NLR Aleph) 005243737 | ||
| 090 |
_a5731741 _c5731741 |
||
| 100 | _a20061002d1911 |||y0rusy50 ca | ||
| 101 | 0 | _arus | |
| 102 | _aRU | ||
| 105 | _ay z ||||| | ||
| 200 | 1 |
_aСамый полный вегетарианский стол _eНовейшая поваренная книга _eРуководство к приготовлению из растительных и молочных веществ кушаний, кондитерских продуктов, печений, хлебов, напитков и пр. и пр. _eВ 9 отд. _eС предисл. о вегетарианстве и его значении и со включением описания питательных веществ с хим., физиол. и фармакол. точки зрения _eС науч. исследованиями проф. Ф.Ф. Эрисмана, д-ров Кияницына, Егорова... и др. _fСост. П.Ф. Симоненко |
|
| 205 | _a[2-е изд., доп. рецепт., приготовл. из сена] | ||
| 210 |
_aМосква _cтип. П.В. Бельцова _d1911 |
||
| 215 |
_a246, X с. _d18 |
||
| 700 | 1 |
_aСимоненко _bП.Ф. _gПетр Федорович _4220 |
|
| 702 | 1 |
_4570 _8rus _7ca _aЭрисман _bФ.Ф. _f1842-1915 _gФедор Федорович _3RU\NLR\AUTH\7715234 _9124892 |
|
| 702 | 1 |
_4570 _8rus _7ca _aКияницын _bИ. И. _f1855- _gИван Иванович _3RU\NLR\AUTH\77112617 _995542 |
|
| 702 | 1 |
_aЕгоров _cд-р медицины _4570 |
|
| 801 | 0 |
_aRU _bNLR _c20061002 _gpsbo |
|
| 801 | 0 |
_aRU _bRuMoRGB _c20061002 _2psbo |
|
| 801 | 1 |
_aRU _bProSoft-M _c20061002 _2rusmarc |
|
| 801 | 2 |
_aRU _bNLR _c20120702 _2rusmarc |
|
| 852 |
_aNLR _j38.65.6.63 |
||
| 942 | _cBOOK | ||
| 980 | _aNB | ||